Spínola / (Record no. 178368)

MARC details
000 -LEADER
campo de control de longitud fija 00718nam a2200205 i 4500
001 - NÚMERO DE CONTROL
campo de control 178368
003 - IDENTIFICADOR DE NÚMERO DE CONTROL
campo de control ES-MaACL
005 - FECHA Y HORA DE LA ÚLTIMA TRANSACCIÓN
campo de control 20250821070353.0
008 - DATOS DE LONGITUD FIJA--INFORMACIÓN GENERAL
campo de control de longitud fija 110526s1970 sp |||| |bspa d
080 ## - NÚMERO DE LA CLASIFICACIÓN DECIMAL UNIVERSAL
Número de la Clasificación Decimal Universal 929 Spínola, Ambrosio, Marqués de los Balbases
100 1# - ENTRADA PRINCIPAL--NOMBRE DE PERSONA
Nombre de persona Téllez, José.
9 (RLIN) 146713
245 10 - MENCIÓN DEL TÍTULO
Título Spínola /
Mención de responsabilidad, etc. por José Téllez.
260 ## - PUBLICACIÓN, DISTRIBUCIÓN, ETC.
Lugar de publicación, distribución, etc. Madrid :
Nombre del editor, distribuidor, etc. Delblan,
Fecha de publicación, distribución, etc. [1970]
300 ## - DESCRIPCIÓN FÍSICA
Extensión 16 p. ;
Dimensiones 16 cm.
490 1# - MENCIÓN DE SERIE
Mención de serie Mosaico cultural.
-- Los grandes capitanes ;
Designación de volumen o secuencia 19
600 14 - PUNTO DE ACCESO ADICIONAL DE MATERIA--NOMBRE DE PERSONA
Nombre de persona Spínola, Ambrosio,
Fechas asociadas al nombre 1569-1630
9 (RLIN) 164593
830 0# - PUNTO DE ACCESO ADICIONAL DE SERIE-TÍTULO UNIFORME
Título uniforme Mosaico cultural.
-- Los grandes capitanes ;
Designación de volumen o secuencia 19
9 (RLIN) 190913
852 ## - LOCALIZACIÓN
Ubicación ES-MaACL
Número de control de estantería E-15197 (19)
Encuadernación Olim P-1923
Nota libre - Enc. con otros títulos
Holdings
Estatus retirado Estado de pérdida Estado de daño No para préstamo Biblioteca de origen Biblioteca actual Ubicación en estantería Fecha de adquisición Fuente de adquisición Total de préstamos Signatura topográfica completa Código de barras Visto por última vez Precio de reemplazo Tipo de ítem Koha
        Biblioteca del Ateneo de Madrid Biblioteca del Ateneo de Madrid Depósito 2 26/05/2011     E-15197 (19) 1187364 23/02/2023 23/02/2023 Libro impreso